zpět

Detail výsledku týmu

Sportivo Bar - Zbraslav, Praha

Datum a čas kvízu

24.5 Celkem bodů Celkový počet nahraných bodů na tomto kvízu bez doplňovacích otázek.
5. Pořadí na kvízu Konečné umístění týmu na tomto kvízu.

Zaznamenané odpovědi

# Otázka Odpověď Body Výsledky
1. V Olomouci byli minulý týden p... propisku 1
2. Státníci kterých dvou zemí si... Japonsko (premiérka), Jižní Korea (prezident) 0
3. Minulý týden bylo oznámeno jmé... o Hanse Zimmera 1
4. První vydání jistého komiksu b... Superman 1
5. Půl bodu získáte za jméno česk... Jakub Menšík, oštěp 0.5
6. Vaším úkolem v tématu bude odh... červená, žlutá 0.5
7. Teď se podíváme na domácí fotb... tři 0
8. Pojďme na hokej. Lev v logu BK... zelená 0
9. Na základě zobrazených barev l... New York Knicks 0
10. Které americké město oslavuje... Pittsburgh 0